Demokratischste Länder der Welt im Jahr 2024 - Statistiken

Allgemein
  • Dieses Quiz wurde 62 mal gespielt
  • Das Durchschnittsergebnis liegt bei 16 aus 20
Antwortstatistiken
Hint Antwort Wert in Democracy Index % Korrekt
N Niederlande 9
98%
N Norwegen 9,81
96%
S Schweden 9,39
96%
D Dänemark 9,28
94%
D Deutschland 8,73
94%
F Finnland 9,3
94%
I Island 9,38
94%
Ö Österreich 8,28
94%
J Japan 8,48
89%
L Luxemburg 8,88
87%
S Schweiz 9,32
87%
I Irland 9,19
83%
A Australien 8,85
78%
N Neuseeland 9,61
78%
V Vereinigtes Königreich 8,34
78%
K Kanada 8,69
76%
U Uruguay 8,67
61%
C Costa Rica 8,29
54%
T Taiwan 8,78
37%
M Mauritius 8,23
13%
Keine übereinstimmenden Quizze gefunden
Verteilung der Resultate
Anzahl Personen mit jedem Resultat
Perzentil nach korrekt beantworteten Fragen
Ihre Resultats-Entwicklung
Sie haben dieses Quiz noch nicht gespielt